Propuesta de regulación ambiental para el embalse Las Canoas
Presenta una propuesta de regularización ambiental para micro cuenca del embalse las canoas ubicadas en el municipio de Teustepe. Determina los componentes ambientales, las amenazas y las vulnerabilidades. Caracteriza el medio abiótico y biótico de la zona objeto de estudio, determinando los prin...
| Main Author: | |
|---|---|
| Other Authors: | |
| Format: | Tesis Section = Libro |
| Language: | Undetermined Spanish |
| Published: |
Managua
UNI
2007
|
| Subjects: |
| LEADER | 01152nam a2200253Ia 4500 | ||
|---|---|---|---|
| 008 | 240830s9999 xx 000 0 und d | ||
| 040 | |a BIBLIOTECA-RUSB/ T.Mon 333.7 M791 | ||
| 041 | |a spa | ||
| 082 | |a T.Mon 333.7 M791 | ||
| 100 | 1 | |a Montiel Castellón, Rosa Elena | |
| 245 | 1 | 0 | |a Propuesta de regulación ambiental para el embalse Las Canoas |
| 260 | |a Managua |b UNI |c 2007 | ||
| 300 | |a 81 p. :il. | ||
| 500 | |a Contiene: anexos. | ||
| 502 | |a Tesis (Especialista en Gestión y Evaluación de Impacto Ambiental) - UNI, 2007. | ||
| 520 | 3 | |a Presenta una propuesta de regularización ambiental para micro cuenca del embalse las canoas ubicadas en el municipio de Teustepe. Determina los componentes ambientales, las amenazas y las vulnerabilidades. Caracteriza el medio abiótico y biótico de la zona objeto de estudio, determinando los principales problemas ambientales. | |
| 650 | 7 | |a IMPACTOS AMBIENTALES | |
| 650 | 7 | |b PROTECCION DEL MEDIO AMBIENTE | |
| 650 | 7 | |c REGULACION AMBIENTAL | |
| 650 | 7 | |d CONTAMINACION DE FUENTES DE AGUA | |
| 700 | 1 | |a Tutor: |b Gómez Ortega, Graciela Dionides | |
| 942 | |c BK |2 ddc | ||
| 991 | |a TESIS | ||
| 999 | |c 21692 | ||